| 000 | 00587nam a2200193Ia 4500 | ||
|---|---|---|---|
| 005 | 20250326143620.0 | ||
| 008 | 250326s9999 xx 000 0 und d | ||
| 020 | _a81-902946-1-X | ||
| 037 | _aTextbook | ||
| 040 |
_aFMSL _beng _cFMSL |
||
| 041 |
_aeng _2eng |
||
| 084 |
_aX.P1t4 P5 _qFMSL |
||
| 100 |
_aAlternative Survey Group _9440396 |
||
| 245 | 0 |
_aAlternative economic survey, India 2004-05 : Disequalising growth _cAlternative Survey Group |
|
| 260 |
_aGazipur _bGazipur, Daanish _c2005 |
||
| 300 | _a258p | ||
| 942 |
_cTB _hX.P1t4 P5 |
||
| 999 |
_c1300283 _d1300283 |
||